| 000 | 00397cam a22001097a 4500 | ||
|---|---|---|---|
| 008 | 180718b1966 xxu||||| |||| 00| 0 eng d | ||
| 082 | _aT2055x54 In2 | ||
| 245 |
_aIndustrial establishments in India (list of registered factories, 1966) _cby Labour Bureau, India |
||
| 260 |
_aDelhi _bThe Controller of Publications _c1966 |
||
| 500 | _aContents: v.5. 279p.; v.6. 416p. | ||
| 700 | _aIndia. Labour Bureau | ||
| 999 |
_c481122 _d481122 |
||